000 00620nam a22001697a 4500
003 OSt
005 20260327120848.0
008 250710b |||||||| |||| 00| 0 eSPd
020 _a9788491595199
082 _a1a Edición
100 _aVV.AA.
245 _aAtlas de Odontopediatria
260 _aEspaña
_bVV.AA.
_c2023
300 _a359 PAG.
520 _aEl objetivo de la presente publicacion, realizada por un grupo de odontopediatras y ortodoncistas con amplia experiencia, es crear una breve guia de ayuda en el manejo y tratamiento de los pacientes odontologicos infantiles y adultos jovenes
942 _2ddc
_cBK
_n0
999 _c1772
_d1772